<?xml version="1.0" encoding="UTF-8"?><?xml-stylesheet type="text/xsl" href="static/style.xsl"?><OAI-PMH xmlns="http://www.openarchives.org/OAI/2.0/" xmlns:xsi="http://www.w3.org/2001/XMLSchema-instance" xsi:schemaLocation="http://www.openarchives.org/OAI/2.0/ http://www.openarchives.org/OAI/2.0/OAI-PMH.xsd"><responseDate>2026-04-17T11:36:49Z</responseDate><request verb="GetRecord" identifier="oai:www.recercat.cat:2445/224160" metadataPrefix="marc">https://recercat.cat/oai/request</request><GetRecord><record><header><identifier>oai:recercat.cat:2445/224160</identifier><datestamp>2025-12-04T22:30:32Z</datestamp><setSpec>com_2072_1057</setSpec><setSpec>col_2072_478917</setSpec><setSpec>col_2072_478931</setSpec></header><metadata><record xmlns="http://www.loc.gov/MARC21/slim" xmlns:dcterms="http://purl.org/dc/terms/" xmlns:xsi="http://www.w3.org/2001/XMLSchema-instance" xmlns:doc="http://www.lyncode.com/xoai" xsi:schemaLocation="http://www.loc.gov/MARC21/slim http://www.loc.gov/standards/marcxml/schema/MARC21slim.xsd">
   <leader>00925njm 22002777a 4500</leader>
   <datafield ind2=" " ind1=" " tag="042">
      <subfield code="a">dc</subfield>
   </datafield>
   <datafield ind2=" " ind1=" " tag="720">
      <subfield code="a">Obispo, Berta M.</subfield>
      <subfield code="e">author</subfield>
   </datafield>
   <datafield ind2=" " ind1=" " tag="720">
      <subfield code="a">Calderón Garrido, Caterina</subfield>
      <subfield code="e">author</subfield>
   </datafield>
   <datafield ind2=" " ind1=" " tag="720">
      <subfield code="a">Carmona Bayonas, Alberto</subfield>
      <subfield code="e">author</subfield>
   </datafield>
   <datafield ind2=" " ind1=" " tag="720">
      <subfield code="a">Ghanem, Ismael</subfield>
      <subfield code="e">author</subfield>
   </datafield>
   <datafield ind2=" " ind1=" " tag="720">
      <subfield code="a">Cano-Cano, Juana Maria</subfield>
      <subfield code="e">author</subfield>
   </datafield>
   <datafield ind2=" " ind1=" " tag="720">
      <subfield code="a">Jiménez Fonseca, Paula</subfield>
      <subfield code="e">author</subfield>
   </datafield>
   <datafield ind2=" " ind1=" " tag="260">
      <subfield code="c">2025-11-06T14:28:39Z</subfield>
   </datafield>
   <datafield ind2=" " ind1=" " tag="260">
      <subfield code="c">2025-11-06T14:28:39Z</subfield>
   </datafield>
   <datafield ind2=" " ind1=" " tag="260">
      <subfield code="c">2025-10-19</subfield>
   </datafield>
   <datafield ind2=" " ind1=" " tag="260">
      <subfield code="c">2025-11-06T14:28:39Z</subfield>
   </datafield>
   <datafield ind2=" " ind1=" " tag="520">
      <subfield code="a">Introduction: Depression is common among cancer patients, adversely affecting treatment adherence, toxicity, and quality of life (QoL). However, its course during adjuvant therapy and its impact on outcomes in resected cancer remain poorly understood. This study evaluated changes in depression from treatment initiation (T1) to six months later (T2) and examined associations with demographic, clinical, and psychological factors, treatment-related toxicities, and QoL. Methods: In this multicenter, prospective observational study, 927 patients with resected, non-metastatic cancer receiving adjuvant treatment were enrolled. Depressive symptoms were measured using the Brief Symptom Inventory-18 (BSI-18) at T1 and T2. Patients were classified as “never” (no symptoms at T1 or T2), “new-onset” (absent at T1, present at T2), “remission” (present at T1, absent at T2), or “persistent” (present at both time points). Treatment-related toxicities were evaluated according to CTCAE v4.0, and QoL was assessed with the EORTC QLQ-C30. Results: At T2, 50.8% of patients remained asymptomatic, 12.3% experienced remission, 23.4% exhibited persistent depression, and 13.5% developed new-onset depression. Persistent depression was more common among women, younger patients, those without a partner, and breast cancer patients. Patients with persistent symptoms showed significantly higher toxicities—including hematologic, digestive, and neuropathic events, as well as increased asthenia (p &lt; .001)—and poorer functioning with greater symptom burden, resulting in markedly reduced overall QoL. In multivariate analyses, baseline depression and ECOG performance status were the main predictors of depressive symptoms at six months, while age predicted changes over time; other sociodemographic or clinical factors were not significant. Logistic regression confirmed that younger age, female sex, breast cancer, and poorer ECOG were associated with higher odds of persistent depression compared with never-depressed patients. Conclusion: Both baseline depression and functional impairment (ECOG) are independent predictors of depressive symptoms during adjuvant therapy. Persistent depression is significantly associated with increased treatment toxicity and poorer QoL in patients with early-stage resected cancer, highlighting the need for routine screening and early psychological intervention during adjuvant treatment.</subfield>
   </datafield>
   <datafield tag="653" ind2=" " ind1=" ">
      <subfield code="a">Malalts de càncer</subfield>
   </datafield>
   <datafield tag="653" ind2=" " ind1=" ">
      <subfield code="a">Depressió psíquica</subfield>
   </datafield>
   <datafield tag="653" ind2=" " ind1=" ">
      <subfield code="a">Qualitat de vida</subfield>
   </datafield>
   <datafield tag="653" ind2=" " ind1=" ">
      <subfield code="a">Toxicitat dels medicaments</subfield>
   </datafield>
   <datafield tag="653" ind2=" " ind1=" ">
      <subfield code="a">Cancer patients</subfield>
   </datafield>
   <datafield tag="653" ind2=" " ind1=" ">
      <subfield code="a">Mental depression</subfield>
   </datafield>
   <datafield tag="653" ind2=" " ind1=" ">
      <subfield code="a">Quality of life</subfield>
   </datafield>
   <datafield tag="653" ind2=" " ind1=" ">
      <subfield code="a">Drug toxicity</subfield>
   </datafield>
   <datafield ind2="0" ind1="0" tag="245">
      <subfield code="a">The role of baseline and persistent depression in adjuvant cancer therapy: impact on toxicity and quality of life</subfield>
   </datafield>
</record></metadata></record></GetRecord></OAI-PMH>